00318 a2200097 4500001000700000040003500007100002300042240005700065245005200122440004600174153876 cEscola São Tomás de Aquino aSALGADO,Mauro Ivan10aA higiene da boca da criança e o excepcional lpor10aA higiene da boca da criança e o excepcional  1aAssociação Brasileira de Odontologia